Diseño de programas

Gorde:
Xehetasun bibliografikoak
Egile nagusia: Menchén Peñuela, Antonio (autor)
Formatua: Liburua
Hizkuntza:gaztelania
Argitaratua: Cuernavaca Alfaomega 2010
Edizioa:1a. ed
Gaiak:
Etiketak: Etiketa erantsi
Etiketarik gabe, Izan zaitez lehena erregistro honi etiketa jartzen!

MARC

LEADER 00000cam a2200000 a 4500
001 UCE9189
003 CL-VaPUC
008 151002e20100000mx |||||||||||||||||spa|d
020 |a 9786077070269 
082 0 4 |a 005.12  |b MEN  |2 21 
100 |a Menchén Peñuela, Antonio  |e autor  |9 581937 
245 1 0 |a Diseño de programas 
250 |a 1a. ed 
300 |a 191 p 
942 |c BK 
945 |d 20151002 15:56:00  |a dcastane 
260 |a Cuernavaca  |b Alfaomega  |c 2010 
650 0 |a Programación de computadores   |9 259531 
650 0 |a Diseño de software  |9 451623 
650 7 |a SISTEMAS COMPUTACIONALES  |2 CL-VaPUC  |9 369397 
650 0 |a Software  |9 387312 
583 |a last modification  |c 20151002 15:56:00  |k Rodrigo Vera 
999 |c 360874  |d 360872 
952 |0 0  |1 0  |3 erb  |4 0  |6 005_120000000000000_MEN_2010  |7 0  |8 A  |9 471106  |a BIBING  |b BIBING  |i 5241278  |o 005.12 MEN 2010  |p 5241278  |r 2025-01-20  |w 2019-11-24  |y BK  |z Catalogado en:20151002  |k CCI 
952 |0 0  |1 0  |3 erb  |4 0  |6 005_120000000000000_MEN_2010  |7 0  |8 A  |9 471107  |a BIBING  |b BIBING  |i 5241286  |o 005.12 MEN 2010  |p 5241286  |r 2025-01-20  |w 2019-11-24  |y BK  |z Catalogado en:20151002  |k CCI 
952 |0 0  |1 0  |3 erb  |4 0  |6 005_120000000000000_MEN_2010  |7 0  |8 A  |9 471109  |a BIBING  |b BIBING  |i 5241308  |l 2  |o 005.12 MEN 2010  |p 5241308  |r 2025-01-20  |s 2023-10-06  |w 2019-11-24  |y BK  |z Catalogado en:20151002  |k CCI 
952 |0 0  |1 0  |3 erb  |4 0  |6 005_120000000000000_MEN_2010  |7 0  |8 A  |9 471110  |a BIBING  |b BIBING  |i 5241316  |o 005.12 MEN 2010  |p 5241316  |r 2025-01-20  |w 2019-11-24  |y BK  |z Catalogado en:20151002  |k CCI 
952 |0 0  |1 0  |3 erb  |4 0  |6 005_120000000000000_MEN_2010  |7 0  |8 A  |9 471111  |a BIBING  |b BIBING  |i 5243157  |o 005.12 MEN 2010  |p 5243157  |r 2025-01-20  |w 2019-11-24  |y BK  |z Catalogado en:20151016  |k CCI